000 01171nam a2200349 i 4500
003 EG-GICUC
005 20260121101742.0
008 260119s1955 uk a|||fr|||| 001 0 eng d
040 _aEG-GiCUC
_beng
_cEG-GiCUC
_dEG-GiCUC
_erda
041 _aeng
082 0 4 _221
_a341.71
_bWR . G
092 0 4 _221
099 _aLaw1 11 341.71 WR . G 1955
100 0 _a Wrench, John Evelyn
_eAuthor.
245 1 0 _aGeoffrey Dawson And Our Times /
_c John Evelyn Wrench.
264 1 _a London :
_bHutchinson,
_c1955.
300 _a487 pages :
_billustrations,
_c24 cm
336 _2rda content
_atext
337 _2rda media
_aComputer
338 _2rda carrier
_aOnline Resource
500 _aIncludes index.
500 _aSpeak Of Me As I Am; Nothing Extenuate Nor Set Down Aught In Malice. (Othello, V, 2.)
546 _aText in English
650 1 4 _aGeoffrey Dawson
_2qrmak
_x Political influence
650 1 4 _aPolitical history
_x20th century
650 1 4 _aInternational law
_2qrmak
650 1 4 _aPublic international law
_2qrmak
651 1 _2qrmak
856 4 0 _uhttps://fll.law.cu.edu.eg/fulltext/bks/B11-06974.pdf
905 _a79
942 _2ddc
_cBK
_e21
_n0
999 _c57933
_d57933